[Event "M.Chigorin Memorial 2017 "]
[Site "?????-?????????"]
[Date "2017.10.24"]
[Round "4"]
[Board "9"]
[White "Duzhakov, Ilya"]
[Black "Triapishko, Alexandr"]
[Result "0-1"]
[WhiteElo "2423"]
[BlackElo "2508"]
[PlyCount "70"]
[EventDate "2017.10.21"]
[EventRounds "9"]
[EventCountry "RUS"]

1. d4 Nf6 2. c4 g6 3. Nc3 Bg7 4. Nf3 O-O 5. Bg5 d6 6. e3 c5 7. Be2 h6 8. Bh4
cxd4 9. Nxd4 Nc6 10. O-O Bd7 11. Qd2 Rc8 12. Rfd1 Nxd4 13. exd4 g5 14. Bg3 Bg4
15. Re1 Bxe2 16. Qxe2 Qb6 17. Rad1 Rfe8 18. b3 Qa5 19. Rc1 a6 20. h4 b5 21.
hxg5 hxg5 22. d5 e6 23. dxe6 Rxe6 24. Qd1 Rxe1+ 25. Qxe1 bxc4 26. bxc4 Qc5 27.
Na4 Qa3 28. Qd1 Ne4 29. Kh2 Nxg3 30. fxg3 Be5 31. Qg4 Bxg3+ 32. Kh3 Qxc1 33.
Qxc8+ Kg7 34. Nb6 Be5 35. Nd7 Qe3+  0-1

[Event "M.Chigorin Memorial 2017 "]
[Site "?????-?????????"]
[Date "2017.10.24"]
[Round "4"]
[Board "10"]
[White "Sjugirov, Sanan"]
[Black "Schekachikhin, Maksim"]
[Result "1-0"]
[WhiteElo "2650"]
[BlackElo "2348"]
[PlyCount "69"]
[EventDate "2017.10.21"]
[EventRounds "9"]
[EventCountry "RUS"]

1. d4 d5 2. c4 c6 3. Nf3 Nf6 4. Nc3 e6 5. Bg5 h6 6. Bxf6 Qxf6 7. e3 g6 8. Rc1
Nd7 9. cxd5 exd5 10. Bd3 Qe7 11. Qc2 Nf6 12. Ne5 Bg7 13. O-O O-O 14. f4 Ng4 15.
Rce1 Nxe5 16. fxe5 Be6 17. Ne2 Rac8 18. Nf4 c5 19. Qf2 cxd4 20. exd4 Rc6 21. a3
Qc7 22. Kh1 Qb6 23. h3 h5 24. Bb1 Bh6 25. Nxe6 Rxe6 26. Ba2 Qb5 27. Qf3 Qxb2
28. Bxd5 Re7 29. Qf6 Qxa3 30. Qxg6+ Bg7 31. Qxh5 Qb4 32. Be4 Rd8 33. e6 Rxd4
34. Bh7+ Kh8 35. Bg6+  1-0

[Event "M.Chigorin Memorial 2017 "]
[Site "?????-?????????"]
[Date "2017.10.24"]
[Round "4"]
[Board "11"]
[White "Bodnaruk, Anastasia"]
[Black "Volkov, Sergey"]
[Result "0-1"]
[WhiteElo "2432"]
[BlackElo "2638"]
[PlyCount "156"]
[EventDate "2017.10.21"]
[EventRounds "9"]
[EventCountry "RUS"]

1. e4 e6 2. d4 d5 3. Nc3 Nf6 4. e5 Nfd7 5. f4 c5 6. Nf3 Be7 7. Be3 Nc6 8. Qd2
O-O 9. Be2 b6 10. O-O Bb7 11. Nd1 cxd4 12. Nxd4 Nc5 13. Nc3 Rc8 14. Rad1 a6 15.
a3 Qc7 16. Nxc6 Qxc6 17. Bf3 Na4 18. Nxa4 Qxa4 19. c3 Bc5 20. Bxc5 bxc5 21. f5
exf5 22. Bxd5 Bxd5 23. Qxd5 f4 24. b3 Qxa3 25. Rxf4 c4 26. Rxc4 Rce8 27. Rc7
Rb8 28. e6 h6 29. e7 Rfe8 30. b4 a5 31. Qxa5 Qb2 32. Qe5 Rb6 33. Rc8 Rxc8 34.
Rd8+ Kh7 35. Qe4+ g6 36. e8=Q Qc1+ 37. Qe1 Qxe1+ 38. Qxe1 Rxd8 39. Qe7 Rd1+ 40.
Kf2 Kg7 41. Ke2 Rdd6 42. Qe5+ Kh7 43. Qg3 Rd7 44. h4 h5 45. Qg5 Re6+ 46. Kf2
Rc6 47. Qe5 Rdc7 48. b5 Rc5 49. Qd6 Rf5+ 50. Kg1 Rxc3 51. b6 Rb3 52. Qd4 Kg8
53. Kh2 Rf1 54. Qd7 Rf4 55. Qd8+ Kg7 56. Qg5 Rf5 57. Qd8 Rf6 58. Qd4 Rbxb6 59.
Qc3 Rbe6 60. Kh3 Kh7 61. Qd4 Rf5 62. Kg3 Re2 63. Kh3 Rff2 64. Qc4 Re3+ 65. Kh2
Ra3 66. Qd4 Raf3 67. Qd8 Rf4 68. Kh3 Rg4 69. Qd5 Rff4 70. g3 Rf5 71. Qd3 Ra4
72. Qb3 Ra6 73. g4 hxg4+ 74. Kxg4 Raf6 75. Qb7 Rf3 76. Qe7 R6f4+ 77. Kg5 Ra4
78. Qc7 Rf5#  0-1

[Event "M.Chigorin Memorial 2017 "]
[Site "?????-?????????"]
[Date "2017.10.24"]
[Round "4"]
[Board "12"]
[White "Liu, Yan"]
[Black "Alekseev, Evgeny"]
[Result "0-1"]
[WhiteElo "2422"]
[BlackElo "2622"]
[PlyCount "106"]
[EventDate "2017.10.21"]
[EventRounds "9"]
[EventCountry "RUS"]

1. d4 Nf6 2. Nf3 e6 3. c4 d5 4. e3 b6 5. Bd3 Bb7 6. O-O Bd6 7. b3 O-O 8. Bb2
Nbd7 9. Ne5 Qe7 10. Nd2 Rad8 11. Qe2 Ne4 12. Rad1 Nxd2 13. Rxd2 Nxe5 14. dxe5
Bb4 15. Rdd1 dxc4 16. Bxc4 Qg5 17. e4 Bc5 18. Kh1 Rxd1 19. Rxd1 Rd8 20. Rxd8+
Qxd8 21. f3 Kf8 22. Qd3 Ke7 23. g3 a6 24. a4 c6 25. Bc3 b5 26. Qxd8+ Kxd8 27.
Bd3 Kc7 28. Kg2 Kb6 29. Kf1 a5 30. Ke2 Ba6 31. Be1 Bg1 32. h3 Bd4 33. f4 Bc8
34. Bc2 bxa4 35. bxa4 c5 36. Bd3 Bd7 37. Bc2 c4 38. g4 g5 39. fxg5 Bc8 40. Kf3
c3 41. Kf4 Kc5 42. h4 Bd7 43. g6 fxg6 44. Kg5 Bxe5 45. Kh6 Kb4 46. Kxh7 Bxa4
47. Bb1 Bd1 48. Kxg6 Bxg4 49. h5 Kb3 50. h6 a4 51. h7 c2 52. Bxc2+ Kxc2 53. Bb4
Bf3  0-1

[Event "M.Chigorin Memorial 2017 "]
[Site "?????-?????????"]
[Date "2017.10.24"]
[Round "4"]
[Board "13"]
[White "Sadovsky, Artem"]
[Black "Kobalia, Mikhail"]
[Result "0-1"]
[WhiteElo "2407"]
[BlackElo "2596"]
[PlyCount "72"]
[EventDate "2017.10.21"]
[EventRounds "9"]
[EventCountry "RUS"]

1. c4 e5 2. g3 Nc6 3. Bg2 g6 4. Nc3 Bg7 5. d3 d6 6. e3 Nge7 7. Nge2 h5 8. h4
Bg4 9. b4 Qd7 10. b5 Nd8 11. a4 O-O 12. Ba3 Rb8 13. Qc2 c5 14. O-O-O Be6 15.
Nd5 Bxd5 16. cxd5 f5 17. Kb1 Nf7 18. Qc4 Qd8 19. Ka2 Nc8 20. Bb2 a6 21. bxa6
Nb6 22. Qc2 Ra8 23. axb7 Rxa4+ 24. Ba3 Qb8 25. Nc3 Rxa3+ 26. Kxa3 Qxb7 27. Kb2
Na4+ 28. Kc1 Nxc3 29. Qxc3 e4 30. Qc2 Qb4 31. Rd2 Ra8 32. Kd1 Bc3 33. Ke2 Bxd2
34. dxe4 Bc3 35. Rc1 Qb5+ 36. Kd1 Ra2  0-1

[Event "M.Chigorin Memorial 2017 "]
[Site "?????-?????????"]
[Date "2017.10.24"]
[Round "4"]
[Board "14"]
[White "Sakaev, Konstantin"]
[Black "Saveliev, Alexei"]
[Result "0-1"]
[WhiteElo "2594"]
[BlackElo "2387"]
[PlyCount "78"]
[EventDate "2017.10.21"]
[EventRounds "9"]
[EventCountry "RUS"]

1. d4 Nf6 2. c4 e6 3. g3 c5 4. d5 exd5 5. cxd5 d6 6. Nc3 g6 7. Bg2 Bg7 8. Nf3
O-O 9. O-O a6 10. a4 Re8 11. Bf4 Nh5 12. Bg5 Nf6 13. Qd2 Nbd7 14. h3 b6 15.
Rab1 Qc7 16. Bh6 Bh8 17. Qf4 Rb8 18. Rfe1 Bb7 19. Ng5 Ne5 20. g4 Qe7 21. b4 Bg7
22. Bxg7 Kxg7 23. bxc5 bxc5 24. Qd2 h5 25. gxh5 Nxh5 26. Nce4 Ba8 27. f4 Nd7
28. Bf3 Nhf6 29. Nxf6 Qxf6 30. Ne4 Qe7 31. Kh2 Kg8 32. Rg1 Nf6 33. Ng3 Kh7 34.
e4 Nd7 35. Be2 Qh4 36. Bxa6 Nf6 37. Rxb8 Rxb8 38. Bb5 Bb7 39. Kg2 Qxg3+  0-1

[Event "M.Chigorin Memorial 2017 "]
[Site "?????-?????????"]
[Date "2017.10.24"]
[Round "4"]
[Board "15"]
[White "Sindarov, Javokhir"]
[Black "Batchuluun, Tsegmed"]
[Result "1/2-1/2"]
[WhiteElo "2406"]
[BlackElo "2571"]
[PlyCount "83"]
[EventDate "2017.10.21"]
[EventRounds "9"]
[EventCountry "RUS"]

1. e4 e5 2. Nf3 Nc6 3. d4 exd4 4. Nxd4 Nf6 5. Nxc6 bxc6 6. e5 Qe7 7. Qe2 Nd5 8.
c4 Ba6 9. b3 g6 10. Ba3 Nb4 11. g3 Bg7 12. Bb2 O-O 13. a3 Nd5 14. Bg2 Rfe8 15.
O-O Bxe5 16. Qxe5 Qxe5 17. Bxe5 Rxe5 18. cxd5 Bxf1 19. Kxf1 cxd5 20. Nd2 c6 21.
Rc1 a5 22. Bf3 Kf8 23. Be2 Ree8 24. Bd3 Ke7 25. Rd1 Kd6 26. Bc2 Kc7 27. Nf3 Re7
28. h4 h5 29. Ng5 Kd6 30. Ne4+ Ke6 31. Ng5+ Kf6 32. Nh7+ Kg7 33. Ng5 Rae8 34.
Nf3 f5 35. Nd4 Kf6 36. Rc1 Re5 37. Bd3 Rb8 38. Rc5 Ra8 39. Rc1 Rb8 40. Rc5 Ra8
41. Rc1 Rb8 42. Rc5  1/2-1/2

[Event "M.Chigorin Memorial 2017 "]
[Site "?????-?????????"]
[Date "2017.10.24"]
[Round "4"]
[Board "16"]
[White "Ofitserian, Boris"]
[Black "Pridorozhni, Aleksei"]
[Result "1/2-1/2"]
[WhiteElo "2402"]
[BlackElo "2565"]
[PlyCount "94"]
[EventDate "2017.10.21"]
[EventRounds "9"]
[EventCountry "RUS"]

1. c4 g6 2. d4 Bg7 3. Nc3 f5 4. g3 Nf6 5. Bg2 O-O 6. h4 d6 7. Bg5 h6 8. Bxf6
Bxf6 9. f4 c6 10. Nf3 Nd7 11. Qd2 Bg7 12. e4 Nf6 13. e5 Ne4 14. Qe3 Qa5 15. Nd2
Nxd2 16. Qxd2 dxe5 17. dxe5 Be6 18. b3 Rad8 19. Qe3 Rd7 20. Rd1 Rfd8 21. Rxd7
Rxd7 22. Ke2 Qa3 23. Rd1 Rxd1 24. Kxd1 Qb2 25. Qd2 Qa1+ 26. Qc1 Qxc1+ 27. Kxc1
g5 28. hxg5 hxg5 29. Kd2 gxf4 30. gxf4 Bf8 31. c5 Kf7 32. Ne2 Bd7 33. Nd4 e6
34. b4 a5 35. a3 axb4 36. axb4 Ke8 37. Nb3 Kd8 38. Na5 Kc7 39. Nc4 Be7 40. Nd6
Bh4 41. Nc4 Bg3 42. Ke3 Be1 43. Nd2 Be8 44. Bf3 Bf7 45. Bd1 Be8 46. Bf3 Bf7 47.
Bd1 Be8  1/2-1/2

[Event "M.Chigorin Memorial 2017 "]
[Site "?????-?????????"]
[Date "2017.10.24"]
[Round "4"]
[Board "17"]
[White "Ismagambetov, Anuar"]
[Black "Meribanov, Vitaly"]
[Result "1/2-1/2"]
[WhiteElo "2553"]
[BlackElo "2386"]
[PlyCount "101"]
[EventDate "2017.10.21"]
[EventRounds "9"]
[EventCountry "RUS"]

1. e4 c5 2. Nf3 Nc6 3. d4 cxd4 4. Nxd4 Nf6 5. Nc3 e5 6. Ndb5 d6 7. Bg5 a6 8.
Na3 b5 9. Nd5 Be7 10. Bxf6 Bxf6 11. c4 b4 12. Nc2 O-O 13. g3 Be6 14. Bg2 a5 15.
O-O Bg5 16. b3 Rb8 17. Kh1 Qd7 18. Qd3 Bd8 19. Rad1 Qa7 20. f4 f6 21. Rd2 Bf7
22. Rfd1 Kh8 23. Qf3 Bxd5 24. Rxd5 Bc7 25. Bh3 Rbd8 26. Be6 g6 27. f5 Kg7 28.
R5d3 Bb6 29. Qg4 Bc5 30. h4 Rh8 31. Rf1 Rdf8 32. Rdf3 Ne7 33. Ne1 Qb7 34. Bd5
Qc8 35. Qh3 Nxd5 36. exd5 h6 37. Qg4 g5 38. Qe4 Kf7 39. h5 Rhg8 40. Rd3 Qd7 41.
Rd2 Ra8 42. Nd3 Qc7 43. Nb2 Rgb8 44. Na4 Kg7 45. Kg2 Rb7 46. Kf3 Rab8 47. Rc2
Ra8 48. Ke2 Rab8 49. Rd1 Kf7 50. Ra1 Bd4 51. Rb1  1/2-1/2

[Event "M.Chigorin Memorial 2017 "]
[Site "?????-?????????"]
[Date "2017.10.24"]
[Round "4"]
[Board "18"]
[White "Zhang, Ziji"]
[Black "Timofeev, Artyom"]
[Result "0-1"]
[WhiteElo "2387"]
[BlackElo "2549"]
[PlyCount "116"]
[EventDate "2017.10.21"]
[EventRounds "9"]
[EventCountry "RUS"]

1. d4 g6 2. c4 Bg7 3. g3 e6 4. Bg2 d5 5. Nf3 Ne7 6. O-O O-O 7. Nc3 Nbc6 8. cxd5
exd5 9. Bf4 Be6 10. Rc1 Qd7 11. Qb3 b6 12. Rfd1 Na5 13. Qc2 f6 14. e4 c6 15. e5
Bg4 16. exf6 Bxf6 17. Ne2 Nc4 18. b3 Bxf3 19. Bxf3 Nd6 20. Bg2 Rad8 21. Qd3 b5
22. Rc2 Qf5 23. Bxd6 Qxd3 24. Rxd3 Rxd6 25. Bh3 Bg7 26. Re3 Kf7 27. Kg2 h5 28.
f4 Ke8 29. Rd3 Nf5 30. Bxf5 Rxf5 31. Ng1 g5 32. fxg5 Rxg5 33. Re2+ Kd7 34. Nf3
Rgg6 35. Rde3 Rde6 36. Ne5+ Bxe5 37. Rxe5 Rxe5 38. Rxe5 Rg4 39. Rxh5 Rxd4 40.
Kf3 c5 41. Rh7+ Kd6 42. Rh6+ Ke5 43. h4 Rd3+ 44. Kf2 Rd2+ 45. Ke3 Rxa2 46. Rh5+
Ke6 47. Rh6+ Kd7 48. Rh7+ Kc6 49. Rh6+ Kc7 50. Rh5 d4+ 51. Ke4 Kb6 52. Kd5 d3
53. Rh6+ Ka5 54. Rd6 d2 55. Ke4 c4 56. bxc4 bxc4 57. h5 c3 58. h6 c2  0-1

[Event "M.Chigorin Memorial 2017 "]
[Site "?????-?????????"]
[Date "2017.10.24"]
[Round "4"]
[Board "19"]
[White "Ovod, Evgenija"]
[Black "Levin, Evgeny A."]
[Result "0-1"]
[WhiteElo "2379"]
[BlackElo "2545"]
[PlyCount "82"]
[EventDate "2017.10.21"]
[EventRounds "9"]
[EventCountry "RUS"]

1. d4 e6 2. Bf4 Nf6 3. e3 b6 4. c4 Bb7 5. Nc3 Bb4 6. Rc1 O-O 7. h3 d6 8. a3
Bxc3+ 9. Rxc3 Nbd7 10. Bh2 Ne4 11. Rc2 f5 12. Ne2 e5 13. f3 Qh4+ 14. g3 Qh6 15.
d5 Qxe3 16. fxe4 fxe4 17. Rc3 Qf2+ 18. Kd2 Rf3 19. Kc1 Nc5 20. Rxf3 Qxf3 21.
Rg1 Rf8 22. g4 Qe3+ 23. Kb1 Nb3 24. Ka2 Nd2 25. Nc3 Qf2 26. Rg2 Qxf1 27. Qxd2
Ba6 28. Bg1 Rf3 29. g5 e3 30. Qc2 Bxc4+ 31. b3 Bd3 32. Qb2 e2 33. Rxe2 Qxg1 34.
Rg2 Qd4 35. Rg4 Rf2 36. Rxd4 Rxb2+ 37. Kxb2 exd4 38. Nd1 Be4 39. b4 Bxd5 40. b5
Bc4 41. a4 Kf7  0-1

[Event "M.Chigorin Memorial 2017 "]
[Site "?????-?????????"]
[Date "2017.10.24"]
[Round "4"]
[Board "20"]
[White "Sarana, Alexey"]
[Black "Chekletsov, Ilya"]
[Result "1-0"]
[WhiteElo "2543"]
[BlackElo "2372"]
[PlyCount "75"]
[EventDate "2017.10.21"]
[EventRounds "9"]
[EventCountry "RUS"]

1. d4 Nf6 2. c4 e6 3. Nf3 Bb4+ 4. Bd2 Qe7 5. g3 Bxd2+ 6. Qxd2 d5 7. Bg2 Nc6 8.
O-O O-O 9. Rc1 Rd8 10. Na3 dxc4 11. Qc3 Ne4 12. Qxc4 Nd6 13. Qc5 f6 14. e3 Bd7
15. Nc4 Be8 16. Ne1 Rdc8 17. Nd3 a6 18. Nf4 Kh8 19. d5 Nxc4 20. Rxc4 exd5 21.
Nxd5 Qf7 22. Nf4 b6 23. Qd5 Ne5 24. Rc2 Ra7 25. Rd1 c6 26. Qe4 c5 27. Rcd2 g5
28. Nd5 Rc6 29. f4 Ng6 30. fxg5 fxg5 31. Qg4 h6 32. Rf1 Qe6 33. Qc4 Qe5 34.
Rdf2 b5 35. Qc2 Rc8 36. Rf6 Kg7 37. R1f5 Qb8 38. Rb6  1-0

[Event "M.Chigorin Memorial 2017 "]
[Site "?????-?????????"]
[Date "2017.10.24"]
[Round "4"]
[Board "21"]
[White "Tsydypov, Zhamsaran"]
[Black "Bashirli, Nail"]
[Result "1-0"]
[WhiteElo "2529"]
[BlackElo "2363"]
[PlyCount "33"]
[EventDate "2017.10.21"]
[EventRounds "9"]
[EventCountry "RUS"]

1. e4 c5 2. Nf3 d6 3. d4 cxd4 4. Nxd4 Nf6 5. Nc3 a6 6. Nb3 e6 7. g4 Be7 8. Be3
b5 9. e5 dxe5 10. Qxd8+ Kxd8 11. Bg2 e4 12. g5 Nd5 13. O-O-O Ke8 14. Nxd5 exd5
15. Rxd5 Be6 16. Bxe4 Nc6 17. Rc5  1-0

[Event "M.Chigorin Memorial 2017 "]
[Site "?????-?????????"]
[Date "2017.10.24"]
[Round "4"]
[Board "22"]
[White "Tsoi, Dmitry"]
[Black "Iljiushenok, Ilia"]
[Result "1-0"]
[WhiteElo "2361"]
[BlackElo "2519"]
[PlyCount "99"]
[EventDate "2017.10.21"]
[EventRounds "9"]
[EventCountry "RUS"]

1. e4 c5 2. Nf3 e6 3. d3 Nc6 4. Be2 Nf6 5. O-O Be7 6. c3 Qc7 7. Qc2 d5 8. Nbd2
Bd7 9. a3 Rc8 10. Re1 O-O 11. Bf1 b5 12. Qb1 a5 13. d4 Qb6 14. exd5 exd5 15.
Ne5 Be6 16. Ndf3 Nxe5 17. dxe5 Ne4 18. Bd3 Bf5 19. Nd2 c4 20. Bxe4 dxe4 21.
Nxe4 Qg6 22. f3 Rcd8 23. Bf4 Rd3 24. Kh1 h5 25. Re2 h4 26. Qf1 Rfd8 27. Rae1 b4
28. axb4 axb4 29. Re3 bxc3 30. bxc3 Qe6 31. Rxd3 Rxd3 32. Re3 Qd5 33. Rxd3 cxd3
34. Qe1 Qc4 35. Bd2 Qd5 36. Bf4 h3 37. gxh3 g5 38. Bd2 Qxe5 39. Qg3 Qxg3 40.
hxg3 Bxh3 41. Nxg5 Bxg5 42. Bxg5 Be6 43. Kg2 f5 44. Kf2 Bd5 45. Bc1 Kf7 46. Ke3
Ke6 47. g4 Bb7 48. g5 Ba6 49. Kd4 Bb7 50. f4  1-0

[Event "M.Chigorin Memorial 2017 "]
[Site "?????-?????????"]
[Date "2017.10.24"]
[Round "4"]
[Board "23"]
[White "Burmakin, Vladimir"]
[Black "Baltabaev, Temirlan"]
[Result "1-0"]
[WhiteElo "2515"]
[BlackElo "2353"]
[PlyCount "61"]
[EventDate "2017.10.21"]
[EventRounds "9"]
[EventCountry "RUS"]

1. Nf3 d5 2. g3 Nf6 3. Bg2 c6 4. O-O Bf5 5. c4 e6 6. Qb3 Qb6 7. d3 Nbd7 8. cxd5
Qxb3 9. axb3 exd5 10. Bd2 Be7 11. b4 O-O 12. Bc3 Nb6 13. Nbd2 Ne8 14. Nd4 Bd7
15. N2b3 Nc7 16. Nc5 Bc8 17. Ncb3 a6 18. Rfc1 Re8 19. Kf1 Bf8 20. Bd2 Nb5 21.
Be3 Nxd4 22. Bxd4 Nd7 23. b5 cxb5 24. Bxd5 Ne5 25. Bg2 Bd6 26. Na5 Rb8 27. Ba7
Ra8 28. Bc5 Bxc5 29. Rxc5 Rb8 30. Rac1 b6 31. Rxe5  1-0

[Event "M.Chigorin Memorial 2017 "]
[Site "?????-?????????"]
[Date "2017.10.24"]
[Round "4"]
[Board "24"]
[White "Mikaelyan, Arman"]
[Black "Payen, Arnaud"]
[Result "1-0"]
[WhiteElo "2503"]
[BlackElo "2335"]
[PlyCount "45"]
[EventDate "2017.10.21"]
[EventRounds "9"]
[EventCountry "RUS"]

1. d4 d5 2. Nf3 Nf6 3. c4 e6 4. Nc3 Bb4 5. Qa4+ Nc6 6. Ne5 Bd7 7. Nxd7 Qxd7 8.
e3 e5 9. a3 Bxc3+ 10. bxc3 O-O 11. Be2 Rfe8 12. Bb2 Rad8 13. Rd1 Ne4 14. cxd5
Qxd5 15. O-O Nd6 16. c4 Qa5 17. Qc2 exd4 18. exd4 Qg5 19. Bd3 Qh4 20. f4 Re3
21. d5 Nb8 22. Qc3 Nf5 23. Qd2  1-0

[Event "M.Chigorin Memorial 2017 "]
[Site "?????-?????????"]
[Date "2017.10.24"]
[Round "4"]
[Board "25"]
[White "Karpenko, Artem"]
[Black "Golubov, Saveliy"]
[Result "0-1"]
[WhiteElo "2362"]
[BlackElo "2501"]
[PlyCount "84"]
[EventDate "2017.10.21"]
[EventRounds "9"]
[EventCountry "RUS"]

1. Nf3 c5 2. g3 Nc6 3. d4 cxd4 4. Nxd4 Qb6 5. Nb3 Nf6 6. Bg2 g6 7. O-O Bg7 8.
a4 O-O 9. a5 Qc7 10. Nc3 d6 11. Bg5 Be6 12. a6 bxa6 13. Rxa6 Nb4 14. Ra3 Rab8
15. Nd4 Bd7 16. Qd2 e5 17. Nb3 Be6 18. Rfa1 a6 19. Bxf6 Bxf6 20. Ne4 Be7 21. c3
Nd5 22. Qd1 Qb6 23. Nbd2 Nc7 24. c4 Qxb2 25. Nc3 Qb6 26. Nd5 Bxd5 27. cxd5 f5
28. Nc4 Qc5 29. Ra4 f4 30. e3 Nb5 31. Rc1 fxe3 32. fxe3 Bg5 33. Qe1 Rbc8 34.
Raa1 Nd4 35. Qd1 Bxe3+ 36. Kh1 Bxc1 37. Rxc1 Qb4 38. Ne3 Qb3 39. Qd2 Rxc1+ 40.
Qxc1 Ne2 41. Qd2 Qb1+ 42. Nd1 Nc3  0-1

[Event "M.Chigorin Memorial 2017 "]
[Site "?????-?????????"]
[Date "2017.10.24"]
[Round "4"]
[Board "26"]
[White "Bellaiche, Anthony"]
[Black "Khlebovich, Alexander"]
[Result "1-0"]
[WhiteElo "2493"]
[BlackElo "2326"]
[PlyCount "81"]
[EventDate "2017.10.21"]
[EventRounds "9"]
[EventCountry "RUS"]

1. d4 Nf6 2. c4 e6 3. Nc3 Bb4 4. e3 O-O 5. Bd3 c5 6. Nf3 d5 7. O-O dxc4 8. Bxc4
cxd4 9. exd4 b6 10. Bg5 Bb7 11. Qe2 h6 12. Bh4 Nbd7 13. Rac1 Rc8 14. Bd3 Be7
15. Ba6 Bxa6 16. Qxa6 Rc7 17. Bg3 Qc8 18. Qe2 Rc4 19. Nd2 Rb4 20. Nd5 Nxd5 21.
Rxc8 Rxc8 22. Qa6 Rc2 23. Qxa7 Nf8 24. Nf3 Rbxb2 25. a4 Rb4 26. Ne5 h5 27. h4
Rxd4 28. a5 Ra4 29. Qb8 Rxa5 30. Qe8 Raa2 31. Qxf7+ Kh7 32. Qxh5+ Kg8 33. Rd1
Bc5 34. Qf7+ Kh7 35. Ng4 Ng6 36. Rxd5 exd5 37. h5 Bxf2+ 38. Bxf2 Rc1+ 39. Kh2
Nf4 40. Qxf4 Rc4 41. Bd4  1-0

[Event "M.Chigorin Memorial 2017 "]
[Site "?????-?????????"]
[Date "2017.10.24"]
[Round "4"]
[Board "27"]
[White "Lesovoi, Evgenij"]
[Black "Lomasov, Semen"]
[Result "0-1"]
[WhiteElo "2351"]
[BlackElo "2490"]
[PlyCount "54"]
[EventDate "2017.10.21"]
[EventRounds "9"]
[EventCountry "RUS"]

1. d4 Nf6 2. c4 e6 3. Nf3 c5 4. e3 d5 5. Nc3 Nc6 6. cxd5 exd5 7. Be2 a6 8. O-O
cxd4 9. exd4 Be7 10. Bg5 Be6 11. Ne5 Rc8 12. Bf3 O-O 13. Rc1 h6 14. Bh4 Kh8 15.
Re1 Ng8 16. Bg3 Bg5 17. Rc2 Nge7 18. Nxc6 Nxc6 19. Rce2 Qb6 20. Bxd5 Nxd4 21.
Re4 Bf6 22. Na4 Qa5 23. Bxe6 Nxe6 24. b4 Qb5 25. Be5 Rfd8 26. Qb3 Bxe5 27. Rxe5
Qxe5  0-1

[Event "M.Chigorin Memorial 2017 "]
[Site "?????-?????????"]
[Date "2017.10.24"]
[Round "4"]
[Board "28"]
[White "Usmanov, Vasily"]
[Black "Smirnov, Timofey"]
[Result "1-0"]
[WhiteElo "2463"]
[BlackElo "2294"]
[PlyCount "97"]
[EventDate "2017.10.21"]
[EventRounds "9"]
[EventCountry "RUS"]

1. d4 Nf6 2. c4 e6 3. Nc3 Bb4 4. e3 b6 5. Nge2 O-O 6. a3 Be7 7. d5 a5 8. g3 e5
9. Bg2 d6 10. O-O Nfd7 11. Rb1 Ba6 12. b3 Re8 13. Qc2 Nf8 14. h4 Nbd7 15. e4 h5
16. Be3 g6 17. Bh3 Bf6 18. Kg2 Bg7 19. f3 Nf6 20. Nd1 Bc8 21. Nf2 Bxh3+ 22.
Nxh3 Qe7 23. b4 axb4 24. axb4 Ra3 25. Nc3 Rea8 26. Nf2 Ne8 27. g4 Bf6 28. g5
Bg7 29. Rb3 Rxb3 30. Qxb3 f5 31. Nd3 Qd7 32. c5 bxc5 33. bxc5 fxe4 34. Nxe4 Qa4
35. Qxa4 Rxa4 36. c6 Ra5 37. Nb4 Rb5 38. Bd2 Ra5 39. Kf2 Bh8 40. Rc1 Kf7 41.
Rc2 Ke7 42. Ra2 Rxa2 43. Nxa2 Kd8 44. Ba5 Nh7 45. Nb4 Bg7 46. Ke2 Bf8 47. Na6
Kc8 48. Nc3 Be7 49. Nb5  1-0

[Event "M.Chigorin Memorial 2017 "]
[Site "?????-?????????"]
[Date "2017.10.24"]
[Round "4"]
[Board "29"]
[White "Kobo, Ori"]
[Black "Korennoi, Viktor"]
[Result "1-0"]
[WhiteElo "2460"]
[BlackElo "2227"]
[PlyCount "117"]
[EventDate "2017.10.21"]
[EventRounds "9"]
[EventCountry "RUS"]

1. Nf3 Nf6 2. c4 e6 3. g3 b6 4. Bg2 Bb7 5. O-O Be7 6. Nc3 O-O 7. d4 Ne4 8. Bd2
Nxc3 9. Bxc3 d5 10. cxd5 Bxd5 11. Qc2 Nd7 12. e4 Bb7 13. Rad1 c6 14. Rfe1 Re8
15. h4 Qc7 16. Bd2 Rad8 17. d5 e5 18. Rc1 c5 19. Bh3 Bc8 20. Qa4 h6 21. Bc3 Bd6
22. Nd2 a6 23. Qd1 b5 24. b3 Nf6 25. Bxc8 Qxc8 26. Ba5 Rd7 27. Qf3 Rb7 28. Kg2
Qd7 29. Bc3 Rbb8 30. Rc2 Ra8 31. Nf1 Ng4 32. Bd2 Rec8 33. Rec1 Ra7 34. Qd3 a5
35. Ne3 Nxe3+ 36. Bxe3 Rac7 37. Qd2 b4 38. Qd3 a4 39. Bd2 a3 40. Be3 Kh7 41. f4
f6 42. f5 Kg8 43. Rc4 Kf8 44. g4 g5 45. Qe2 Ke8 46. Qf2 Qe7 47. Kf3 Kd7 48. Rh1
Rg8 49. hxg5 hxg5 50. Qe2 Qg7 51. Rcc1 Ke7 52. Qb5 Rgc8 53. Rh5 Kd8 54. Rch1
Bf8 55. Rh8 Qe7 56. Qb6 Kd7 57. R8h7 Bg7 58. d6 Rc6 59. Qb7+  1-0

[Event "M.Chigorin Memorial 2017 "]
[Site "?????-?????????"]
[Date "2017.10.24"]
[Round "4"]
[Board "30"]
[White "Ponfilenok, Vladimir"]
[Black "Solozhenkin, Evgeniy"]
[Result "1-0"]
[WhiteElo "2350"]
[BlackElo "2459"]
[PlyCount "87"]
[EventDate "2017.10.21"]
[EventRounds "9"]
[EventCountry "RUS"]

1. d4 Nf6 2. c4 g6 3. Nf3 Bg7 4. e3 O-O 5. Be2 c5 6. d5 e6 7. Nc3 exd5 8. cxd5
d6 9. Nd2 a6 10. a4 Nbd7 11. O-O Re8 12. e4 Ne5 13. h3 g5 14. Nf3 Nxf3+ 15.
Bxf3 h6 16. Qc2 Qe7 17. Bd2 Qe5 18. Rae1 h5 19. Bd1 g4 20. f4 gxf3 21. Rxf3 Bd7
22. Bf4 Qd4+ 23. Kh1 Bf5 24. Rd3 Bxe4 25. Rxe4 Rxe4 26. Rxd4 Re1+ 27. Kh2 cxd4
28. Bg3 Ree8 29. Ne2 Nxd5 30. Nf4 Rac8 31. Qb3 h4 32. Qxd5 hxg3+ 33. Kxg3 Be5
34. Kg4 Rc7 35. h4 Kg7 36. Nd3 Bf6 37. Bf3 Re3 38. Nf4 Be5 39. Nh5+ Kh6 40. Ng3
Re1 41. Nf5+ Kh7 42. Nxd6 Rd7 43. Be4+ f5+ 44. Bxf5+  1-0

[Event "M.Chigorin Memorial 2017 "]
[Site "?????-?????????"]
[Date "2017.10.24"]
[Round "4"]
[Board "31"]
[White "Khanin, Semen"]
[Black "Garanin, Aleksei"]
[Result "1-0"]
[WhiteElo "2450"]
[BlackElo "2145"]
[PlyCount "81"]
[EventDate "2017.10.21"]
[EventRounds "9"]
[EventCountry "RUS"]

1. e4 c5 2. Nf3 d6 3. d4 cxd4 4. Nxd4 Nf6 5. Nc3 a6 6. f3 e5 7. Nb3 Be6 8. Be3
h5 9. Qd2 Nbd7 10. O-O-O Rc8 11. h4 Qc7 12. Bg5 Be7 13. Kb1 b5 14. a3 O-O 15.
g4 Nb6 16. Bxf6 Bxf6 17. g5 Be7 18. Nd5 Bxd5 19. exd5 Nc4 20. Qd3 g6 21. Bh3
Rb8 22. Rhe1 Qa7 23. f4 Qf2 24. f5 Kh7 25. Re4 Qa7 26. Rf1 Rbe8 27. Re2 Bd8 28.
Bg2 e4 29. Rxe4 Ne5 30. Rxe5 dxe5 31. Be4 Kg7 32. d6 f6 33. fxg6 fxg5 34. Rxf8
Rxf8 35. Qd5 gxh4 36. Nc5 Rf1+ 37. Ka2 Bf6 38. d7 Kh6 39. Ne6 Qf2 40. d8=Q Bxd8
41. Qxd8  1-0

[Event "M.Chigorin Memorial 2017 "]
[Site "?????-?????????"]
[Date "2017.10.24"]
[Round "4"]
[Board "32"]
[White "Khokhlova, Daria"]
[Black "Yakubboev, Nodirbek"]
[Result "0-1"]
[WhiteElo "2207"]
[BlackElo "2437"]
[PlyCount "96"]
[EventDate "2017.10.21"]
[EventRounds "9"]
[EventCountry "RUS"]

1. d4 d6 2. Nf3 g6 3. c4 Bg7 4. g3 Nd7 5. Bg2 e5 6. e4 Ne7 7. O-O O-O 8. Nc3
exd4 9. Nxd4 Nc6 10. Nxc6 bxc6 11. Qc2 Qf6 12. Nd1 Nc5 13. Bd2 Qd4 14. Rc1 Qd3
15. Be3 Qxc2 16. Rxc2 Nd3 17. Rd2 Ne5 18. b3 Bb7 19. f4 Ng4 20. Bd4 Bxd4+ 21.
Rxd4 c5 22. Rd3 Rfe8 23. h3 Nh6 24. Nc3 Kg7 25. g4 Ng8 26. Re1 f6 27. Rde3 Rad8
28. e5 Bxg2 29. exf6+ Nxf6 30. Kxg2 Rxe3 31. Rxe3 Rd7 32. Kf3 Kf7 33. f5 gxf5
34. gxf5 c6 35. Ne4 Nxe4 36. Rxe4 d5 37. Re6 d4 38. Kf2 d3 39. Ke1 Re7 40.
Rxe7+ Kxe7 41. Kd2 Kf6 42. Kxd3 Kxf5 43. Ke3 Ke5 44. a3 a5 45. a4 h6 46. h4 h5
47. Kf3 Kf5 48. Kg3 Ke4  0-1